| 000 | 00663nam a2200193Ia 4500 | ||
|---|---|---|---|
| 003 | GCL | ||
| 008 | 140319s9999 xx 000 0 ara d | ||
| 040 |
_aGCL / _cGCL |
||
| 082 | 0 | 4 |
_a810.972 _bم ح |
| 100 | 1 | _aمحمد سيد كيلانى | |
| 245 | 1 | 0 |
_aالحروب الصليبية واثرها فى الادب العربى فى مصر والشام / _cمحمد سيد كيلانى |
| 250 | _aالثانية | ||
| 260 |
_aالقاهرة : _bدار الفرجانى للنشر والتوزيع ، _c1984 |
||
| 300 |
_a439 ص ؛ _c20 س |
||
| 490 | _a | ||
| 650 | 0 | 4 | _aالادب العربى |
| 650 | 0 | 4 | _aالحروب الصليبية |
| 942 |
_2ddc _cBK |
||
| 999 |
_c38874 _d38874 |
||